Culture Générale - Série 270 - Statistiques

Statistiques générales
  • Ce quiz a été pris 311 fois
  • Le résultat moyen est 6 sur 10
Statistiques - réponses
Question Réponse % Correct
Sur quelle île de Méditerranée peut-on visiter la ville de Corte ? La Corse
94%
Quelle profession a rendu le nom de Harry Houdini mondialement célèbre ? Magicien
75%
Qui chante "Padam... padam..." en 1951 ? Edith Piaf
70%
A partir de quelle légumineuse le tofu est-il préparé ? Le soja
67%
Dans une compétition de pétanque, comment appelle-t-on une équipe de deux joueurs ? Une doublette
64%
Quel adjectif anglais qualifie Betty dans le titre de la série télévisée ? Ugly
57%
Quel roi, héros de livres pour enfants, est l'ami d'un singe nommé Zéphir ? Babar
51%
En Israël, quelle exploitation agricole fonctionne en coopérative ? Un kibboutz
29%
En 1976, à quel guitariste doit-on "Europa"? Carlos Santana
28%
Quel adjectif qualifie le "Lord Fauntleroy" d'après le titre d'un livre pour enfants ? Petit
27%
Aucun quiz correspondant
Distribution des résultats
% des personnes avec chaque résultat
Percentile par nombre de réponses
Votre historique - résultats
Vous n’avez pas pris ce quiz